Tareekh al-adab al-arbi (Record no. 1229923)

MARC details
000 -LEADER
fixed length control field 00567nam a2200205Ia 4500
005 - DATE AND TIME OF LATEST TRANSACTION
control field 20241129111325.0
008 - FIXED-LENGTH DATA ELEMENTS--GENERAL INFORMATION
fixed length control field 241129s9999||||xx |||||||||||||| ||und||
037 ## - SOURCE OF ACQUISITION
Stock number TB
040 ## - CATALOGING SOURCE
Original cataloging agency CRL
Language of cataloging eng
Transcribing agency CRL
041 ## - LANGUAGE CODE
Language code of text/sound track or separate title ara
Source of code ara
084 ## - COLON CLASSIFICATION NUMBER
Classification number O28v M7
Assigning agency CRL
100 ## - MAIN ENTRY--PERSONAL NAME
Personal name Alfakhoori Hanna Au.
9 (RLIN) 724073
245 #0 - TITLE STATEMENT
Title Tareekh al-adab al-arbi
Statement of responsibility, etc. Alfakhoori Hanna Au.
260 ## - PUBLICATION, DISTRIBUTION, ETC.
Place of publication, distribution, etc. Beirut, Lebanon
Name of publisher, distributor, etc. Manshurat al kutub al bta
Date of publication, distribution, etc. 1987
300 ## - PHYSICAL DESCRIPTION
Extent 1116p.
365 ## - TRADE PRICE
Price type code INR
Price amount 5500
650 ## - SUBJECT ADDED ENTRY--TOPICAL TERM
Topical term or geographic name entry element Arabic Literature
942 ## - ADDED ENTRY ELEMENTS (KOHA)
Koha item type Textbook
Classification part O28v M7
Holdings
Withdrawn status Lost status Damaged status Not for loan Home library Current library Date acquired Source of acquisition Cost, normal purchase price Inventory number Total Checkouts Full call number Barcode Date last seen Price effective from Koha item type
        Central Library Central Library 2024-11-29 Nadwi Publications 5500.00 1719 & 27/01/2024   O28v M7 CL1680726 2024-11-29 2024-11-29 Textbook
Copyright @ Delhi University Library System